Supertramp-The Logical Song (Lyrics) - Statistics

General Stats
  • This quiz has been taken 137 times
  • The average score is 153 of 245
Answer Stats
Lyrics % Correct
I
96%
A
95%
So
93%
When
93%
You
93%
(You)
93%
Was
91%
Be
88%
The
88%
Young
88%
It
87%
Logical
85%
Me
85%
(Me)
85%
Who
85%
To
83%
In
78%
Life
78%
Am
77%
That
77%
And
75%
They
74%
What
74%
All
73%
Oh
72%
(Oh)
72%
Tell
72%
(Tell)
72%
World
72%
Wonderful
71%
Where
70%
Then
69%
Seemed
68%
Magical
67%
Birds
65%
For
65%
How
64%
Trees
64%
Deep
63%
Please
63%
Singing
63%
Too
63%
Could
62%
Run
61%
Simple
61%
Such
61%
Away
60%
Joyfully
59%
Questions
59%
Man
58%
Teach
58%
Miracle
57%
Asleep
56%
Happily
56%
Know
56%
Won't
55%
(Won't)
55%
Are
54%
There
54%
Showed
53%
Times
53%
World's
53%
Beautiful
52%
Say
52%
Sent
52%
Watch
52%
But
51%
Sounds
51%
Absurd
50%
Cynical
50%
Watching
49%
Playfully
45%
Yeah
45%
yeah
45%
Radical
44%
Your
44%
Liberal
43%
Clinical
41%
Criminal
41%
(Can)
40%
Dependable
40%
Calling
38%
Sensible
38%
Vegetable
38%
Learned
37%
Responsible
37%
They'd
37%
Up
37%
At
36%
Like
36%
Intellectual
34%
Now
34%
Practical
33%
Sign
33%
They'll
33%
Night
32%
We've
32%
Said
31%
Well
31%
You're
31%
Feel
30%
Fanatical
29%
Take
28%
We'd
27%
It's
26%
Digital
25%
(Hear)
25%
Respectable
23%
Acceptable
22%
Name?
22%
One
21%
Ooh
19%
Three
19%
Two
19%
Presentable
18%
Hey
15%
Feeling
14%
Five
14%
'Cause
13%
Unbelievable
11%
Getting
10%
Uh
8%
No matching quizzes found
Score Distribution
Percent of People with Each Score
Percentile by Number Answered
Your Score History
You have not taken this quiz